| 000 | 01085nam a2200217Ia 4500 | ||
|---|---|---|---|
| 003 | Ost | ||
| 005 | 20260507075647.0 | ||
| 008 | 260507s9999||||xx |||||||||||||| ||und|| | ||
| 040 | _cfsecg | ||
| 041 | _aara | ||
| 082 | _a307.76091751 | ||
| 100 |
_aفاعور، على _eمؤلف |
||
| 245 | 0 |
_aآفاق التحضر العربي : _bنمو المدن والعواصم الكبرى، التنمية الحضرية والسكن العشوائي ما بعد القاهرة وكوبنهاغن وإسطنبول / _c على فاعور |
|
| 260 |
_aبيروت: _bدار النهضة العربية, _c2004 |
||
| 300 |
_a612 صفحة؛ _bإيضاحات ؛ _c24 سم |
||
| 520 | _aواقع التحضر العربي ومستقبله- السكن العشوائي والتنمية الحضرية- التحضر العربي- المدينة العربية ( نشأتها وموقعها) . | ||
| 653 | _aالتنمية الحضرية | ||
| 653 | _aالعالم العربي-إحصائيات | ||
| 653 | _aعلم الإجتماع الحضري- البلاد العربية | ||
| 942 | _cكتاب | ||
| 999 |
_c45525 _d45525 |
||